Points culminants de chaînes de montagnes sur une carte - Statistiques

Statistiques générales
  • Ce quiz a été pris 399 fois
  • Le résultat moyen est 8 sur 20
Réponses sur la Carte
Les réponses sont colorées sur une échelle allant du rouge au vert en fonction du pourcentage des utilisateurs qui les ont devinées à leur premier essai. Vous pouvez retrouver ces pourcentages ci-dessous.
 
Statistiques - réponses
Sommet Hauteur (en m) Chaîne de montagnes Pays % Correct
Mont Blanc 4 808 Alpes France, Italie
95%
Everest 8 849 Himalaya Chine, Népal
93%
Kilimandjaro 5 892 Vallée du Grand Rift Tanzanie
86%
K2 8 611 Karakoram Chine, Pakistan
72%
Mont Fuji 3 776 Honshu Japon
70%
Etna 3 357 Sicile Italie
59%
Elbrouz 5 642 Grand Caucase Russie
54%
Aconcagua 6 959 Cordillère Principale (Andes) Argentine
50%
Mont Olympe 2 917 Massif de l'Olympe Grèce
49%
Denali 6 190 Chaîne d'Alaska Etats-Unis
44%
Aneto 3 404 Pyrénées Espagne
36%
Mont Ararat 5 137 Haut-plateau arménien Turquie
30%
Aoraki / Mont Cook 3 724 Alpes du Sud Nouvelle-Zélande
21%
Teide 3 718 Tenerife Espagne
20%
Djebel Toubkal 4 167 Atlas Maroc
10%
Mont Whitney 4 417 Sierra Nevada Etats-Unis
10%
Puncak Jaya 4 884 Monts Maoke Indonésie
9%
Mont Kosciuszko 2 228 Cordillère australienne Australie
8%
Huascaran del Sur 6 768 Cordillère Occidentale (Andes) Pérou
7%
Pic d'Orizaba 5 676 Cordillère néovolcanique Mexique
5%
Aucun quiz correspondant
Distribution des résultats
% des personnes avec chaque résultat
Percentile par nombre de réponses
Votre historique - résultats
Vous n’avez pas pris ce quiz